00267nam a2200109Ia 4500008004100000082001500041100001400056245003200070260002900102300000800131650001800139191201s2019 xx 000 0 und d a615.32 RAP aRAJE, V.N 0aPharmacognosy for 1st year  bCBS PubaNew delhic2019 a186 aPharmacognosy